000 01057nam a2200265 a 4500
001 $$a0000030447
005 20200120222158.0
008 070622s2004 colag grl 000 d
020 _a958-8159-97-0
082 0 4 _a788.97
_bC65
110 2 _aColombia. Ministerio de Cultura
245 1 0 _aGuía de iniciación al fliscorno barítono, bombardino y euphonium /
_cColombia. Ministerio de Cultura ; elaboración de textos : Gerardo Barreto Suárez.
250 _a1a. ed.
260 _aBogotá
_bel Ministerio
_cDirección de Artes
_cArea de Música
_c2004
300 _a47 p. : il. mús.
500 _aPlan Nacional de Música para la Convivencia. Programa Nacional de Bandas
500 _aEj.1 Marichuela, Donación, Instituto Distrital de Cultura y Turismo
650 1 4 _aINSTRUMENTOS DE VIENTO
650 1 4 _aINSTRUMENTOS MUSICALES
650 1 4 _aBANDAS DE MUSICA
650 1 4 _aMUSICA INSTRUMENTAL
650 1 4 _aINSTRUMENTACION (MUSICA)
700 1 _aBarreto Suárez, Gerardo
901 _aDonación, Instituto Distrital de Cultura y Turismo, 2006
999 _c1765
_d1765